[Event "Fredrikstad Hostturnering"]
[Site "Fredrikstad"]
[Date "2002.10.30"]
[Round "7"]
[White "Larsen, Gerry"]
[Black "Slang, Harry"]
[Result "0-1"]
[WhiteElo "950"]
[BlackElo "1233"]
[PlyCount "73"]
[EventDate "2002.09.??"]
[EventType "swiss"]
[EventRounds "9"]
[EventCountry "NOR"]
[SourceTitle "EXT 2005"]
[Source "ChessBase"]
[SourceDate "2004.11.15"]
[SourceVersion "1"]
[SourceVersionDate "2004.11.15"]
[SourceQuality "1"]

1. d4 Nf6 2. c4 e6 3. Nc3 b6 4. Nf3 Bb7 5. e3 d5 6. a3 Nbd7 7. b4 Ne4 8. Nxe4 dxe4 9. Nd2 Nf6 10. c5 Bd5 11. Qc2 c6 12. g3 h6 13. Bg2 Nh7 14. Bxe4 Ng5 15. 0-0 Bxe4 16. Nxe4 Qd5 17. Nxg5 hxg5 18. Bb2 g4 19. Qe2 Qh5 20. f3 f5 21. fxg4 Qxg4 22. Qxg4 fxg4 23. Rf4 Rh7 24. Raf1 Be7 25. Rxg4 Bf6 26. e4 bxc5 27. e5 Be7 28. dxc5 Rd8 29. Rd4 Rd5 30. Rxd5 cxd5 31. Bd4 Bd8 32. c6 g5 33. Bc5 Be7 34. Bxa7 Bxb4 35. axb4 Rxa7 36. b5 Rc7 37. Rc1 0-1